How to get anything you want

Bibliographic Details
Main Author: Qubein, Nido
Format: Book
Published: Petaling Jaya : Golden Book Centre , 2005
Subjects:

MARC

LEADER 00000cam a2200000 7i4500
001 0000003382
005 20050824.0
020 0 0 |a 9837205407 
090 0 0 |a 158.1   |b QUB 
100 1 0 |a Qubein, Nido 
245 1 0 |a How to get anything you want   |c Nido Qubein 
260 0 0 |a Petaling Jaya :   |b Golden Book Centre ,   |c 2005 
300 |a 198p. ;   |c 23cm. 
650 0 0 |a Success   |x Psychological aspects 
999 |a 0000006298   |b Monograph   |c Open Shelf   |e Default branch